000 00840nam a2200253Ia 4500
001 Para_3784
003 CHAP
008 220125s1945 xx 000 0 und d
010 _a202305
040 _cCHAP
090 _aPA FOLLETO 1004
245 _aInvestigations with DDT and other new insecticides in 1945 :
_b a progress report /
_c Prepared under the direction of Division of Entomology and Parasitology
260 _aBerkeley, California :
_b Agricultural Experiment Station
300 _a108 p.
440 _aCalifornia. Agric. Exp. Sta. circular; 365
_9167416
650 _aInsecticidas
_x Pruebas. DDT. (insecticida)
_9167417
901 _aPA FOLLETO 1004
902 _aA
905 _a0000001945 BER 0000000000 00
910 _a1945
942 _cPARA
942 _cPARA
_d1
999 _c202305
_d202305